| 000 | 00611nam a22001937a 4500 | ||
|---|---|---|---|
| 005 | 20230713022052.0 | ||
| 008 | 230126b |||||||| |||| 00| 0 eng d | ||
| 020 | _a9789387160286 | ||
| 082 | _a639.3 An295 2019 | ||
| 100 |
_aMalik, Ahtesham _eauthor |
||
| 245 |
_aFish disease: _bdiagnostic and treatment / _cAhtesham Malik |
||
| 260 |
_aJaipur, IN: _bAgrotech Press Publication, _cc2019. |
||
| 300 |
_aviii, 296p.; _bill. |
||
| 500 | _aIncludes bibliographies and index | ||
| 541 | _e6463 | ||
| 650 | _aFishes - Disease | ||
| 650 | _aFishes - Disease - Diagnosis | ||
| 650 | _aFishes - Disease - Treatment | ||
| 999 |
_c661 _d661 |
||